The noble scholar, jurist, historian


 His Excellency Dr. Abdul Wahhab bin Ibrahim Abu Sulaiman, may Allah have mercy on him.


 He was born in Umm Al-Qura in the year 1356 AH.

ضوابط الحل والحرمة في التشريع الإسلامي/ (Record no. 13545)

MARC details
000 -LEADER
fixed length control field 01427ctm a22003011a 4500
003 - CONTROL NUMBER IDENTIFIER
control field SA-RiAUC
005 - DATE AND TIME OF LATEST TRANSACTION
control field 20251215133158.0
007 - PHYSICAL DESCRIPTION FIXED FIELD--GENERAL INFORMATION
fixed length control field co ug ---uuauu         
008 - FIXED-LENGTH DATA ELEMENTS--GENERAL INFORMATION
fixed length control field 251203s1988 su fsbm 00000 ara c
040 ## - CATALOGING SOURCE
Original cataloging agency SA-MaUQU
Language of cataloging ara
Transcribing agency SA-RiAUC
082 04 - DEWEY DECIMAL CLASSIFICATION NUMBER
Classification number 251.222
Assigning agency SA-RiAUC
090 ## - LOCALLY ASSIGNED LC-TYPE CALL NUMBER (OCLC); LOCAL CALL NUMBER (RLIN)
Classification number (OCLC) (R) ; Classification number, CALL (RLIN) (NR) ر 251.222
Local cutter number (OCLC) ; Book number/undivided call number, CALL (RLIN) ا ب ن ع
100 1# - MAIN ENTRY--PERSONAL NAME
Personal name ابن عمر، محمد غزالي.
245 10 - TITLE STATEMENT
Title ضوابط الحل والحرمة في التشريع الإسلامي/
Statement of responsibility, etc. إعداد محمد غزالي بن عمر ؛ إشراف صالح بن عبد الله بن حميد.
260 ## - PUBLICATION, DISTRIBUTION, ETC.
Date of publication, distribution, etc. 1988
300 ## - PHYSICAL DESCRIPTION
Extent 244ورقة؛
Dimensions 30 سم.
500 ## - GENERAL NOTE
General note أطروحة (ماجستير)-جامعة أم القرى، كلية الشريعة، 1988.
502 ## - DISSERTATION NOTE
Dissertation note أطروحة (ماجستير)-جامعة أم القرى، كلية الشريعة، 1988.
504 ## - BIBLIOGRAPHY, ETC. NOTE
Bibliography, etc. note يشتمل على إرجاعات ببليوجرافية.
516 ## - TYPE OF COMPUTER FILE OR DATA NOTE
Type of computer file or data note نص إلكتروني.
530 ## - ADDITIONAL PHYSICAL FORM AVAILABLE NOTE
Additional physical form available note متاحة نسخة على شكل مطبوع.
533 ## - REPRODUCTION NOTE
Type of reproduction مستنسخ إلكتروني.
Place of reproduction [د. م. :
Agency responsible for reproduction د. ن.،
Date of reproduction 19--].
Physical description of reproduction 1 قرص مدمج.
650 #7 - SUBJECT ADDED ENTRY--TOPICAL TERM
Topical term or geographic name entry element الحلال والحرام
Form subdivision أقراص مدمجة
Source of heading or term aucsh
650 #7 - SUBJECT ADDED ENTRY--TOPICAL TERM
Topical term or geographic name entry element أصول الفقه الإسلامي
Form subdivision أقراص مدمجة
Source of heading or term aucsh
700 ## - ADDED ENTRY--PERSONAL NAME
Personal name ابن حميد؛ صالح بن عبد الله
Relator term مشرفا
942 ## - ADDED ENTRY ELEMENTS (KOHA)
Source of classification or shelving scheme Dewey Decimal Classification
Koha item type رسالة علمية
Suppress in OPAC No
949 ## - LOCAL PROCESSING INFORMATION (OCLC)
a SA-JeALM
d 251203
u mohamedma123
n 1
Holdings
Withdrawn status Lost status Source of classification or shelving scheme Damaged status Not for loan Home library Current library Date acquired Total checkouts Full call number Barcode Date last seen Price effective from Koha item type
    Dewey Decimal Classification     DR AbdElwahab Library DR AbdElwahab Library 12/15/2025   ر 251.222 ا ب ن ع 000021722 12/15/2025 12/15/2025 رسالة علمية